| 000 | 00405nam a2200169Ia 4500 | ||
|---|---|---|---|
| 003 | LK-CoDNM | ||
| 005 | 20240801094326.0 | ||
| 008 | 010623t1927 xxu||||| |||| 00| 1 fra d | ||
| 040 |
_aLK-CoDNM _dLK-CoDNM _eLK-CoDNM |
||
| 041 | _afra | ||
| 080 |
_a8 _bM16 |
||
| 245 | _aGaja Sastra or Science of Elephants | ||
| 260 |
_bMadras _c1927 |
||
| 300 | _b393p, ill ; 19 cm | ||
| 650 | _aAnimals | ||
| 942 | _cBK | ||
| 999 |
_c93778 _d93778 |
||